Logos#3 - Statistiken

Allgemein
  • Dieses Quiz wurde 604 mal gespielt
    86 seit der letzten Aktualisierung
  • Das Durchschnittsergebnis liegt bei 12 aus 16
Antwortstatistiken
Bildquiz Antwort % Korrekt
Aldi
99%
Sprite
99%
Haribo
96%
H&M
96%
Disney
93%
XBox
90%
Hard Rock Cafe
85%
HotWheels
85%
Burger King
83%
Heineken
80%
Champion
75%
Crocs
73%
Wilson
61%
Asics
54%
Dunlop
41%
Fritos
7%
Keine übereinstimmenden Quizze gefunden
Verteilung der Resultate
Anzahl Personen mit jedem Resultat
Perzentil nach korrekt beantworteten Fragen
Ihre Resultats-Entwicklung
Sie haben dieses Quiz seit der letzten Aktualisierung nicht gespielt